Do not disturb my waking dream /

One cold sunny morning in December 2018, Gerhard Steidl drove from New York City to see John Cohen at his rambling home in upstate Putnam Valley. The purpose of the visit was to pick up originals to be scanned for Cohen's Look up to the Moon, his book of photos from Morocco in 1955 and publishe...

Full description

Bibliographic Details
Main Author: Cohen, John, 1932-2019
Format: Book
Language:English
Published: Göttingen, Germany : Steidl, 2019.
Edition:First edition.
Subjects:

MARC

Tag First Indicator Second Indicator Subfields
LEADER 00000cam a2200000Ii 4500
001 in00004434713
008 200228s2019 gw a 000 0 eng d
005 20250318220104.3
019 |a 1129031070  |a 1192356855 
020 |a 9783958296794 
020 |a 3958296793 
035 |a (OCoLC)on1143485147 
035 |a (OCoLC)1143485147  |z (OCoLC)1129031070  |z (OCoLC)1192356855 
040 |a ERASA  |b eng  |e rda  |c ERASA  |d OCLCQ  |d YDX  |d BDX  |d OCLCQ  |d MOU 
050 4 |a TR655  |b .C64 2019 
082 0 4 |a 770 
100 1 |a Cohen, John,  |d 1932-2019. 
245 1 0 |a Do not disturb my waking dream /  |c John Cohen. 
250 |a First edition. 
264 1 |a Göttingen, Germany :  |b Steidl,  |c 2019. 
300 |a 64 pages :  |b mainly illustrations ;  |c 22 cm 
336 |a still image  |b sti  |2 rdacontent 
336 |a text  |b txt  |2 rdacontent 
337 |a unmediated  |b n  |2 rdamedia 
338 |a volume  |b nc  |2 rdacarrier 
520 8 |a One cold sunny morning in December 2018, Gerhard Steidl drove from New York City to see John Cohen at his rambling home in upstate Putnam Valley. The purpose of the visit was to pick up originals to be scanned for Cohen's Look up to the Moon, his book of photos from Morocco in 1955 and published by Steidl in 2019. But in the organized chaos of Cohen's barn-cum-studio they stumbled across another group of prints from across his 60-year career: "I didn't know what to do with them," he recalls, "They weren't a book or an exhibit, or for sale. They were not of one subject." To Cohen's surprise and delight, Steidl took the boxes under his arm, and the photos now appear for the first time here in Do Not Disturb My Waking Dream, Cohen's most lyrical and personal book, as well as his last. Sequenced wholly by mood and intuition and eschewing titles and dates, the portraits, landscape and still lifes, along with some of Cohen's drawings, unify disparate subjects?his wife Penny, Roscoe Holcomb, fragments of the Parthenon, renovations to Cohen's farmhouse in the mid-sixties, into a dreamlike flow. Cohen's confessional text, recalling his intense intertwining dreams across decades, explores the line between dream and reality, and between memory and book. 
650 0 |a Photography, Artistic. 
655 7 |a Photobooks.  |2 lcgft 
852 8 |b pda,print  |z This title is available for the library to purchase for your use. Click the "Purchase It For Me" button to place a request. This item may take 5-10 business days to arrive. 
955 |a Print PDA title 
999 f f |s df1f5b07-d1e8-4f7c-99c7-26eb303d9946  |i 85c0e65f-6bc0-3209-9ec1-e02030bb85b0  |t 0 
952 f f |a Texas A&M University  |b College Station  |c Sterling C. Evans Library  |d Purchase on Demand  |t 0  |e TR655 .C64 2019  |h Library of Congress classification 
998 f f |a TR655 .C64 2019  |t 0  |l Purchase on Demand